| 000 | 00804cab a2200241 4500 | ||
|---|---|---|---|
| 001 | ABS53526 | ||
| 008 | 090401t1995 xxu||||| |||| 00| 0 eng d | ||
| 035 | _a(Sirsi) u4923 | ||
| 041 | _aeng | ||
| 100 | _aJenkins, J. | ||
| 245 | 4 | _aThe Latham Report trust fund proposals | |
| 260 | _c1995 | ||
| 350 | _a0 | ||
| 490 |
_aConstruction Law Journal _v11(4) 16 November 1995, 262-273(6) |
||
| 520 | _aAddresses the issues raised by the Latham Report proposals for Trust Funds. Considers policy implications, the scope of the report, problems if the report is implemented and alternative solutions. | ||
| 650 | _aALLOCATION OF RISK | ||
| 650 | _aJCT RETENTION TRUST MODEL | ||
| 650 | _aLATHAM REFORMS | ||
| 650 | _aTRUST FUNDS | ||
| 690 | _aBUILT ENVIRONMENT | ||
| 942 | _n0 | ||
| 948 | _c04/03/1997 | ||
| 999 |
_c2974 _d2974 |
||